|
|
|
|
| LEADER |
01197nam a2200289 u 4500 |
| 001 |
10116835 |
| 003 |
upatras |
| 005 |
20210117205500.0 |
| 008 |
150708s2010 us eng |
| 020 |
|
|
|a 9780415876858
|
| 040 |
|
|
|a GR-PaULI
|c GR-PaULI
|
| 041 |
0 |
|
|a eng
|
| 082 |
0 |
4 |
|a 111
|
| 245 |
1 |
0 |
|a The metaphysics of powers
|b their grounding and their manifestations
|c ; edited by Anna Marmodoro
|
| 260 |
|
|
|a New York
|b Routledge
|c 2010
|
| 300 |
|
|
|a viii, 196 σ.
|c 23 εκ.
|
| 490 |
0 |
|
|a Routledge studies in metaphysics
|
| 504 |
|
|
|a Περιλαμβάνει βιβλιογραφία και ευρετήριο
|
| 650 |
|
4 |
|a Μεταφυσική
|9 603
|
| 650 |
|
4 |
|a Δύναμη και ενέργεια (Φυσική)
|x Φιλοσοφία
|9 145069
|
| 700 |
1 |
|
|a Marmodoro, Anna
|d 1975-
|4 edt
|9 145070
|
| 760 |
0 |
|
|a Routledge studies in metaphysics
|
| 852 |
|
|
|a GR-PaULI
|b ΠΑΤΡΑ
|b ΦΙΛΟΣΟΦΙΑ
|k ΑΣΧΞ-4
|h 111 MET
|m 10332
|p 025000186826
|t 1
|
| 942 |
|
|
|2 ddc
|c BK15
|
| 952 |
|
|
|0 0
|1 0
|4 0
|6 111_000000000000000_MET
|7 0
|9 181255
|a PHIL
|b PHIL
|d 2016-04-24
|i 10332
|l 0
|o 111 MET
|p 025000186826
|r 2016-04-24 00:00:00
|t 1
|w 2016-04-24
|y BK15
|
| 998 |
|
|
|c ΚΑΝΕΛΛΟΠΟΥΛΟΥ
|d 2015-07
|
| 999 |
|
|
|c 112029
|d 112029
|